Les rues et autres voies en chansons - Statistiques

Statistiques générales
  • Ce quiz a été pris 83 fois
  • Le résultat moyen est 6 sur 40
Statistiques - réponses
Indices Interprètes Chansons % Correct
Avenue Joe Dassin Aux {Champs-Elysées}
97%
Paris Patrick Bruel Place des {Grands hommes}
70%
Paris Zazie Rue de {la paix}
68%
Avenue Georges Brassens {Boulevard} du temps qui passe
47%
Ville Grégoire Rue des {Etoiles}
39%
Campagne Charles Trenet {Nationale} 7
38%
Avenue Yves Montand Les grands {boulevards}
35%
Campagne Salvatore Adamo Autoroute {du soleil}
23%
Paris Frères Jacques Place de la {Concorde}
23%
Paris Edith Piaf Elle fréquentait la rue {Pigalle}
21%
Ville Damia La {rue}
19%
Campagne Mireille {Ce petit} chemin
10%
Paris Georges Guétary Place du {Tertre}
9%
Paris Francis Lemarque Rue de {Lappe}
9%
Campagne Isabelle Boulay Le {sentier} de neige
8%
Paris Yves Montand Rue de {Belleville}
8%
Paris Claude Nougaro Rue {Saint-Denis}
8%
Paris Cora Vaucaire Rue {Saint Vincent}
8%
Paris Francis Lemarque La chanson du boulevard {Voltaire}
5%
Paris Patachou Rue {Lepic}
5%
Campagne Bruno Coulois {Vois sur ton} chemin
5%
Campagne Hubert Félix Thiéfaine {Dernière station avant} l'autoroute
4%
Ville Françoise Hardy L'{Impasse}
4%
Paris Serge Reggiani Rue de {Seine}
4%
Campagne Jean Jacques Goldman Ton {autre chemin}
4%
Ville Aristide Bruant {Dans la} rue
3%
Ville Edith Piaf {De l'autre côté de} la rue
3%
Paris Georges Brassens Entre la rue {Didot} et la rue de {Vanves}
3%
Ville Jean Sablon {La chanson} des rues
3%
Campagne Guy Béart L'autoroute {en bois}
3%
Campagne Compagnons de la chanson Le chemin {des écoliers}
3%
Paris Manu Chao Petite blonde du boulevard {Brune}
3%
Paris Alibert Place de l'{Opéra}
3%
Paris Juliette Gréco Rue des {Blancs manteaux}
3%
Paris Georges Moustaki Rue des {fossés saint Jacques}
3%
Paris Mistinguette Sur le boulevard {des Italiens}
3%
Paris Frères Jacques {Ballade des} places de Paris
1%
Ville Lina Margy La rue {de notre amour}
1%
Paris Boris Vian La rue {Watt}
1%
Campagne Grégoire Sur l'autoroute {de mes désirs}
1%
Aucun quiz correspondant
Distribution des résultats
% des personnes avec chaque résultat
Percentile par nombre de réponses
Votre historique - résultats
Vous n’avez pas pris ce quiz